[Event "Taubate op 2nd"]
[Site "Taubate"]
[Date "2021.12.19"]
[Round "6"]
[White "Gomes, Joao Paulo Santos"]
[Black "Gangana, Marcos Vinicius"]
[Result "1-0"]
[WhiteElo "1521"]
[BlackElo "1800"]
[PlyCount "49"]
[EventDate "2021.12.16"]
[EventType "swiss"]
[EventRounds "6"]
[EventCountry "BRA"]
[SourceTitle "CBM 206 Extra"]
[Source "ChessBase"]
[SourceDate "2022.03.31"]
[SourceVersion "1"]
[SourceVersionDate "2022.03.31"]
[SourceQuality "1"]

1. c4 Nf6 2. g3 c6 3. Bg2 d5 4. Nf3 dxc4 5. a4 Nbd7 6. Na3 e5 7. Nxc4 Qc7 8. d4 Bb4+ 9. Bd2 Bxd2+ 10. Qxd2 exd4 11. Qxd4 0-0 12. 0-0 Rd8 13. Rfd1 b6 14. Qd6 Qxd6 15. Nxd6 Nc5 16. Ne5 Be6 17. Nxc6 Rd7 18. Ne7+ Rxe7 19. Bxa8 Bb3 20. Rd2 Bxa4 21. Ra3 g6 22. b4 Nb3 23. Rb2 Rd7 24. Rxa4 Rxd6 25. Rxb3 1-0